[Event "Helmond Rapid op"]
[Site "Helmond"]
[Date "2025.05.03"]
[Round "7"]
[White "Kools, Thomas"]
[Black "Lenting, Roan"]
[Result "1-0"]
[WhiteElo "2061"]
[BlackElo "1929"]
[PlyCount "77"]
[EventDate "2025.05.03"]
[EventType "swiss (rapid)"]
[EventRounds "9"]
[EventCountry "NED"]
[SourceTitle "CB19_2025"]
[SourceDate "2025.05.07"]
[SourceVersion "1"]
[SourceVersionDate "2025.05.07"]
[SourceQuality "1"]

1. e4 c5 2. Nc3 Nc6 3. g3 g6 4. Bg2 Bg7 5. d3 e6 6. Be3 d6 7. f4 Nge7 8. Nf3 Nd4 9. 0-0 a6 10. e5 Nec6 11. exd6 Qxd6 12. Ne4 Qe7 13. c3 Nxf3+ 14. Qxf3 c4 15. dxc4 e5 16. Bc5 Qe6 17. Rad1 Bf8 18. fxe5 Bxc5+ 19. Nxc5 Qe7 20. b4 0-0 21. Rde1 Bf5 22. Qf4 a5 23. a3 axb4 24. axb4 Ra3 25. g4 Be6 26. Ne4 Kg7 27. Rf3 Bxc4 28. Rh3 g5 29. Nxg5 h6 30. Nxf7 Qg5 31. Qxg5+ hxg5 32. Nxg5 Rf4 33. Rg3 Nxe5 34. h3 Nd3 35. Rxd3 Kf6 36. Rd6+ Kxg5 37. Re5+ Kh4 38. Rh6+ Kg3 39. Re3+ 1-0